Govt. of
Madhya Pradesh

Indian Freedom Movement Revolutionaries in America (Record no. 6820)

MARC details
000 -LEADER
fixed length control field 004590000a22001810004500
003 - CONTROL NUMBER IDENTIFIER
control field MACL
005 - DATE AND TIME OF LATEST TRANSACTION
control field 20151023093729.0
008 - FIXED-LENGTH DATA ELEMENTS--GENERAL INFORMATION
fixed length control field 151023b xxu||||| |||| 00| 0 eng d
040 ## - CATALOGING SOURCE
Original cataloging agency MACL
Transcribing agency MACL
041 ## - LANGUAGE CODE
Language code of text/sound track or separate title English
082 ## - DEWEY DECIMAL CLASSIFICATION NUMBER
Classification number 954/BAN
100 ## - MAIN ENTRY--PERSONAL NAME
Personal name Banerjee, Kalyan Kumar
9 (RLIN) 16241
245 ## - TITLE STATEMENT
Title Indian Freedom Movement Revolutionaries in America
260 ## - PUBLICATION, DISTRIBUTION, ETC. (IMPRINT)
Name of publisher, distributor, etc. Jijnasa
Date of publication, distribution, etc. 1969
Place of publication, distribution, etc. Calcutta
350 ## - PRICE (NR) (BK AM CF MU VM SE) [OBSOLETE]
Price 10
650 ## - SUBJECT ADDED ENTRY--TOPICAL TERM
Topical term or geographic name as entry element History
9 (RLIN) 16242
942 ## - ADDED ENTRY ELEMENTS (KOHA)
Koha item type Books
Call number prefix 954
Source of classification or shelving scheme
Holdings
Withdrawn status Lost status Source of classification or shelving scheme Damaged status Not for loan Home library Current library Date acquired Total Checkouts Full call number Barcode Date last seen Uniform Resource Identifier Price effective from Koha item type
          MACL MACL 15/04/2015   954/BAN CRE002349 02/05/2024 6756 15/04/2015 Books